Texas livestock statistics /
| New Title: | Texas crop statistics Texas agricultural statistics (1994) |
|---|---|
| Previous Title: | Texas agricultural statistics Texas livestock, dairy, and poultry statistics |
| Uniform Title: | Texas livestock statistics (1990) |
| Corporate Authors: | , |
| Format: | Serial |
| Language: | English |
| Published: |
Austin, Tex. :
The Service,
[1991-1994]
|
| Series: | Bulletin (Texas Agricultural Statistics Service)
|
| Subjects: |
MARC
| Tag | First Indicator | Second Indicator | Subfields |
|---|---|---|---|
| LEADER | 00000cas a2200000 a 4500 | ||
| 001 | in00004454939 | ||
| 005 | 20191202121041.0 | ||
| 008 | 911118d19901993txuar s0 0eng d | ||
| 035 | |a (OCoLC)24802956 | ||
| 035 | |9 AAA4970MS | ||
| 035 | |z (UtOrBLW)2318 | ||
| 035 | |a 3643 | ||
| 040 | |a IKM |c IKM |d IUA |d TMV |d UtOrBLW | ||
| 043 | |a n-us-tx | ||
| 049 | |a TMVM [Latest] [ed: Ref] | ||
| 060 | 4 | |a HD 9417 T4 |b T3551 | |
| 130 | 0 | |a Texas livestock statistics (1990) | |
| 245 | 1 | 0 | |a Texas livestock statistics / |c compiled by Texas Agricultural Statistics Service. |
| 264 | 1 | |a Austin, Tex. : |b The Service, |c [1991-1994] | |
| 300 | |a 4 volumes : |b illustrations, maps ; |c 28 cm. | ||
| 310 | |a Annual | ||
| 336 | |a text |2 rdacontent |b txt | ||
| 337 | |a unmediated |2 rdamedia | ||
| 338 | |a volume |2 rdacarrier |b nc | ||
| 362 | 0 | |a 1990-1993 | |
| 490 | 1 | |a Bulletin | |
| 500 | |a Description based on: 1991. | ||
| 500 | |a "A cooperative function of United States Department of Agriculture [and] Texas Department of Agriculture." | ||
| 580 | |a Merged with: Texas crop statistics, to form: Texas agricultural statistics (1994). | ||
| 650 | 2 | |a Animal Husbandry. | |
| 650 | 2 | |a Meat. | |
| 650 | 2 | |a Dairy Products. | |
| 650 | 2 | |a Poultry Products. | |
| 651 | 2 | |a Texas. | |
| 655 | 2 | |a Statistics. | |
| 710 | 2 | |a Texas Agricultural Statistics Service. | |
| 710 | 1 | |a Texas. |b Department of Agriculture. | |
| 780 | 0 | 1 | |t Texas agricultural statistics |w (DLC) 92642073 |w (OCoLC)24577507 |
| 780 | 0 | 0 | |t Texas livestock, dairy, and poultry statistics |w (OCoLC)7779312 |
| 785 | 1 | 7 | |t Texas crop statistics |w (DLC) 92642484 |w (OCoLC)25253205 |
| 785 | 1 | 7 | |t Texas agricultural statistics (1994) |w (DLC) 98643349 |w (OCoLC)36521481 |
| 830 | 0 | |a Bulletin (Texas Agricultural Statistics Service) | |
| 999 | f | f | |s 815e6b61-3ab4-3feb-96a0-f342eb5c0d91 |i b85b6e30-1c98-3d04-88cd-0ae680f4286e |t 0 |
| 952 | f | f | |p ric |a Texas A&M University |b Rellis Campus |c Joint Library Facility |d Remote Storage |t 0 |e HD 9417 T4 T3551 |h National Library of Medicine classification |i unmediated -- volume |l 1993 |m 3238901066757 |
| 952 | f | f | |p ric |a Texas A&M University |b Rellis Campus |c Joint Library Facility |d Remote Storage |t 0 |e HD 9417 T4 T3551 |h National Library of Medicine classification |i unmediated -- volume |l 1991 |m 323890138378C |
| 952 | f | f | |p ric |a Texas A&M University |b Rellis Campus |c Joint Library Facility |d Remote Storage |t 0 |e HD 9417 T4 T3551 |h National Library of Medicine classification |i unmediated -- volume |l 1992 |m 3238901034460 |
| 998 | f | f | |a HD 9417 T4 T3551 |s 1991-1993 |t 0 |l Remote Storage |